• 首页
  • 本馆介绍
  • 公告通知
  • 最新文献
  • 馆藏检索
  • 电子资源
  • 读者导购
  • 参考咨询
  • 我的图书馆
  • 登录
  • 详细信息显示
  • 放入我的书架
  • 预约/预借图书
  • 作者相关作品
  • 分类相关作品
  • 丛书相关作品
  • 出版社相关作品

书目信息

  • 表格格式
  • 工作单格式
  • 卡片格式
题名:
期刊编辑与策划
    
 
作者: 姜妍 著
分册:  
出版信息: 长春   吉林文史出版社  2023.10
页数: 190页
开本: 20cm
丛书名:
单 册:
中图分类: G237.5
科图分类:
主题词: 出版工作
电子资源:
ISBN: 2-14-174622-1
000 00582nam0 2200205 450
001 2437463051
005 20241128102625.91
010    @a2-14-174622-1@dCNY78.00
100    @a20241128d2023 km y0chiy0120 ea
101 0  @achi
102    @aCN@b220000
102    @aCN@b220000
200 1  @a期刊编辑与策划@AQi Kan Bian Ji Yu Ce Hua@f姜妍著@FJiang Yan Zhu
210    @a长春@c吉林文史出版社@d2023.10
215    @a190页@d20cm
606 0  @a出版工作
690    @aG237.5@v4
701  0 @a姜妍@AJiang Yan@4著
801  0 @aCN@b大连网信软件有限公司图书馆·11@c20241128
905    @aZUCC@dG237.5@e150
    
    期刊编辑与策划/姜妍著.-长春:吉林文史出版社,2023.10
    190页;20cm
    
    
    ISBN 2-14-174622-1:CNY78.00
    
●
相关链接 在E读中查询图书 在五车中查询图书 在当当中查询图书 在豆瓣中查询图书


正题名:期刊编辑与策划     索取号:G237.5/150         预约/预借

序号 登录号 条形码 馆藏地/架位号 状态 备注
1 1417462   214174622   第一样本阅览室/ [索取号:G237.5/150] 已借出,限还日期为2034.11.27
借出人:甄文全  
 
唐山师范学院图书馆 欢迎您!
大连网信软件有限公司© 版权所有